=LDR 00000nam 2200000 4500 =001 INLIS000000000035860 =005 20130612141703 =008 ***********************************Ing** =035 ##$$0010-061300000035860 =041 ##$$a Ing =082 ##$$a 973 =090 ##$$a 973, Sam =100 ##$$a Morison, Samuel Eliot =245 ##$$a The Growth of the American Republic =260 ##$$a 1966 $b USA =300 ##$$a 830 hlm, ilus, 23 cm =850 ##$$a NBPNMAT